| 000 | 00723nam a22002177a 4500 | ||
|---|---|---|---|
| 005 | 20240530110957.0 | ||
| 008 | 221204s1991 au a f b 000 0 eng d | ||
| 040 |
_aEG-CaGPL _cEG-CaGPL |
||
| 082 | 0 | 4 |
_221 _a615 _bص ط |
| 100 | 0 | _aصلاح الدين ابو الرب | |
| 245 | 1 | 0 |
_aالطب والصيدلة عبر العصور / _cتاليف صلاح الدين ابو الرب |
| 250 | _aط.1 | ||
| 260 |
_aالقاهرة : _bالاهلية للنشر والتوزيع ؛ _c1991 |
||
| 300 |
_a183 ص. ؛ _c24 سم. |
||
| 600 | _2صلاح الدين ابو الرب | ||
| 650 | 0 | 7 |
_2qrmak _aالصيدلة |
| 650 | 0 | 7 | _aالطب |
| 651 | _2qrmak | ||
| 942 |
_2ddc _cBK |
||
| 999 |
_c67114 _d67114 |
||